Statistics for Kings of Navarre

Click here to take the quiz!

General Stats

  • This quiz has been taken 15 times
    (5 since last reset)
  • The average score is 36 of 51

Answer Stats

HintAnswer% Correct
1322-1328Charles I
100%
1349-1387Charles II
100%
1387-1425Charles III
100%
1516-1556Charles IV
100%
1665-1700Charles V
100%
1759-1788Charles VI
100%
1788-1808Charles VII
100%
2014-present
Philip VIII
100%
1274-1305Joanna I & Philip I
100%
1328-1349Joanna II & Philip III
100%
1975-2014John Charles
100%
1316-1322Philip II
100%
1556-1598Philip IV
100%
1598-1621Philip V
100%
1621-1665Philip VI
100%
1700-1724 and again 1724-1746Philip VII
100%
1104-1134Alfonso I
67%
1874-1885 (claimant 1870-1874)Alfonso II
67%
1885-1931 (claimant 1931-1941)Alfonso III
67%
1425-1441/1479Blanche & John II
67%
1483-1512Catherine & John III
67%
1479Eleanor
67%
1833-1868 (claimant 1868-1870)Elisabeth
67%
1512-1516Ferdinand I
67%
1746-1759Ferdinand II
67%
1808-1833Ferdinand III
67%
1479-1483Francis
67%
1270-1274Henry
67%
1516-1555Joanna III
67%
1316John I
67%
1305-1316Louis I
67%
1724Louis II
67%
1094-1104Peter
67%
905-925Sancho I
67%
970-994Sancho II
67%
1004-1035Sancho III
67%
1054-1076Sancho IV
67%
1076-1094Sancho V
67%
1150-1194Sancho VI
67%
1194-1234Sancho VII
67%
1234-1253Theobald I
67%
1253-1270Theobald II
67%
1871-1873Amadeo
33%
882-905Fortun
33%
851-882Garcia I
33%
925-970Garcia II
33%
994-1000Garcia III
33%
1035-1054Garcia IV
33%
1134-1150Garcia V
33%
820-851Iñigo
33%
never reigned (claimant 1941-1977)John IV
0%

Score Distribution

Percentile by Number Answered

Percent of People with Each Score

Your Score History

You have not taken this quiz since the last reset